MyGZULibrary

The conflict matrix and research agenda / (Record no. 3575)

MARC details
000 -LEADER
fixed length control field 01143cam a2200325 a 4500
001 - CONTROL NUMBER
control field 12753083
003 - CONTROL NUMBER IDENTIFIER
control field GZU
005 - DATE AND TIME OF LATEST TRANSACTION
control field 20201202115340.0
008 - FIXED-LENGTH DATA ELEMENTS--GENERAL INFORMATION
fixed length control field 010913s2000 rh b 000 0 eng
010 ## - LIBRARY OF CONGRESS CONTROL NUMBER
LC control number 2001311068
020 ## - INTERNATIONAL STANDARD BOOK NUMBER
International Standard Book Number 1779051077
040 ## - CATALOGING SOURCE
Original cataloging agency DLC
Transcribing agency DLC
Modifying agency DLC
042 ## - AUTHENTICATION CODE
Authentication code lcode
043 ## - GEOGRAPHIC AREA CODE
Geographic area code fs-----
050 00 - LIBRARY OF CONGRESS CALL NUMBER
Classification number DT1182
Item number .CON 1998
245 04 - TITLE STATEMENT
Title The conflict matrix and research agenda /
Statement of responsibility, etc. Mwesiga Baregu, editor.
246 14 - VARYING FORM OF TITLE
Title proper/short title Southern Africa conflict matrix and research agenda
260 ## - PUBLICATION, DISTRIBUTION, ETC.
Place of publication, distribution, etc. Mount Pleasant, Harare, Zimbabwe :
Name of publisher, distributor, etc. SAPPHO Books,
Date of publication, distribution, etc. 1998.
300 ## - PHYSICAL DESCRIPTION
Extent 30 p. ;
Dimensions 21 cm.
440 #0 - SERIES STATEMENT/ADDED ENTRY--TITLE
Title Southern Africa specialised studies series
500 ## - GENERAL NOTE
General note "SAPES Trust"--P. [4] of cover.
504 ## - BIBLIOGRAPHY, ETC. NOTE
Bibliography, etc. note Includes bibliographical references (p. 28-29).
650 #0 - SUBJECT ADDED ENTRY--TOPICAL TERM
Topical term or geographic name entry element Conflict management
Geographic subdivision Africa, Southern.
651 #0 - SUBJECT ADDED ENTRY--GEOGRAPHIC NAME
Geographic name Africa, Southern
General subdivision Politics and government
Chronological subdivision 1994-
700 1# - ADDED ENTRY--PERSONAL NAME
Personal name Baregu, Mwesiga Laurent.
710 2# - ADDED ENTRY--CORPORATE NAME
Corporate name or jurisdiction name as entry element SAPES Trust.
906 ## - LOCAL DATA ELEMENT F, LDF (RLIN)
a 7
b cbc
c origode
d 3
e ncip
f 20
g y-gencatlg
942 ## - ADDED ENTRY ELEMENTS (KOHA)
Source of classification or shelving scheme Library of Congress Classification
Koha item type Books
Classification part 1182
Item part CON
Call number prefix DT
Holdings
Withdrawn status Lost status Damaged status Not for loan Collection code Home library Current library Shelving location Date acquired Total Checkouts Full call number Barcode Date last seen Copy number Price effective from Koha item type
        Non-fiction City Campus Library City Campus Library General Stacks 12/02/2020   DT 1182 CON 1998 B017394 12/02/2020 c.1 12/02/2020 Books